Brain Sulci and Gyri - Statistics

General Stats
  • This quiz has been taken 8 times
  • The average score is 6 of 47
Answer Stats
Number Feature % Correct
1 superior frontal gyrus
100%
5 inferior frontal gyrus
33%
4 inferior frontal sulcus
33%
3 middle frontal gyrus
33%
6 precentral gyrus
33%
2 superior frontal sulcus
33%
13 angular gyrus
17%
10 central sulcus
17%
17 inferior occipital gyrus
17%
15 inferior parietal lobule
17%
24 inferior temporal gyrus
17%
23 inferior temporal sulcus
17%
22 middle temporal gyrus
17%
19 parieto-occipital sulcus
17%
7 pars opercularis
17%
9 pars orbitalis
17%
8 pars triangularis
17%
11 postcentral gyrus
17%
16 superior occipital gyrus
17%
14 superior parietal lobule
17%
21 superior temporal gyrus
17%
20 superior temporal sulcus
17%
12 supramarginal gyrus
17%
18 sylvian fissure / lateral sulcus
17%
18 anterior commisure
0%
3 anterior paracentral gyrus
0%
6 calcarine sulcus
0%
2 central sulcus
0%
10 cingulate gyrus
0%
1 cingulate sulcus
0%
7 cuneus gyrus
0%
15 genu of carpus callosum
0%
21 interventricular foramen
0%
12 isthmus of cingulate gyrus
0%
9 lamina terminalis
0%
8 lingual gyrus
0%
MEDIAL VIEW MEDIAL VIEW
0%
11 parahippocampal gyrus
0%
5 parieto-occipital sulcus
0%
19 posterior commisure
0%
4 posterior paracentral gyrus
0%
14 rostrum of corpus callosum
0%
17 septum pellucidum
0%
16 splenium of corpus callosum
0%
13 subcallosal area of cingulate gyrus
0%
22 thalamus
0%
20 third ventricle
0%
No matching quizzes found
Score Distribution
Percent of People with Each Score
Percentile by Number Answered
Your Score History
You have not taken this quiz